000 00735nam a22002297a 4500
005 20170124105947.0
010 _aA-826317
020 _c00.00
_a8171547435
035 _aA-826317
037 _bCen Lib/Ret
040 _aDPL
_bEN
082 _a230.2
_bGAD
100 _aGadkari, Jayant
_912660
245 _aSociety and religion :
_cby Gadkari Jayant
_bfreom rugvea to puranas /
260 _aBombay
_bPopular Prakashan
_c1996
270 _bBombay
_a35-C, Pndit Madan Mohan Malviya Marg, Tardeo
_e400034
300 _axxviii,254p.
_c22cm(Hb)
500 _aIncludes bibliographical references and index
650 _aSociology
_912661
650 _aReligion and society
_912662
942 _2ddc
_cEN
_h230.2
_mGAD
999 _c125005
_d125005